000
00319nam a2200133Ia 4500
003
OSt
005
20230727062947.0
008
170524s9999 xx 000 0 und d
040
_c
IIMT UNIVERSITY
100
_a
ASWATHAPPA- K
245
0
_a
INTERNATIONAL BUSINESS
260
_b
TATA MCGRAW HILL NEW DELHI
942
_2
ddc
_c
02
999
_c
8078
_d
8078